Interpodnikové vzťahy formálnej a neformálnej kooperácie

Pokračovanie príspevku o interpodnikových vzťahoch formálnej a neformálnej kooperácie (1/2002). Vzťahy na úrovni výrobnej dohody, spoločného marketingu a distribúcie. Konzorcium, joint venture = zmluva o spoločnom podniku.

Guardado en:
Detalles Bibliográficos
Autor principal: Kita, Jaroslav
Formato: Capítulo de libro
Lenguaje:eslovaco
Materias:
Etiquetas: Agregar Etiqueta
Sin Etiquetas, Sea el primero en etiquetar este registro!

MARC

LEADER 00000naa a2200000 4500
001 r046510
005 20230825103656.5
041 0 |a slo 
044 |a SK 
245 1 0 |a Interpodnikové vzťahy formálnej a neformálnej kooperácie  |c Jaroslav Kita 
520 |a Pokračovanie príspevku o interpodnikových vzťahoch formálnej a neformálnej kooperácie (1/2002). Vzťahy na úrovni výrobnej dohody, spoločného marketingu a distribúcie. Konzorcium, joint venture = zmluva o spoločnom podniku. 
610 2 0 |a kooperácia výroby 
610 2 0 |a kooperácia medzipodniková 
610 2 0 |a vzťahy medzipodnikové 
610 2 0 |a vzťahy formálne 
610 2 0 |a vzťahy neformálne 
610 2 0 |a konzorciá 
610 2 0 |a joint ventures 
100 1 |a Kita, Jaroslav